The complete Zaha Hadid. (Record no. 13440)
[ view plain ]
| 000 -LEADER | |
|---|---|
| fixed length control field | 00850nam a22002417a 4500 |
| 003 - CONTROL NUMBER IDENTIFIER | |
| control field | EG-ScBUE |
| 005 - DATE AND TIME OF LATEST TRANSACTION | |
| control field | 20221016105631.0 |
| 008 - FIXED-LENGTH DATA ELEMENTS--GENERAL INFORMATION | |
| fixed length control field | 100221t2009 enka f 001 0 eng d |
| 020 ## - INTERNATIONAL STANDARD BOOK NUMBER | |
| International Standard Book Number | 9780500342503 |
| 040 ## - CATALOGING SOURCE | |
| Original cataloging agency | EG-ScBUE |
| Language of cataloging | eng |
| Description conventions | rda |
| Transcribing agency | EG-ScBUE |
| Modifying agency | EG-ScBUE |
| 082 04 - DEWEY DECIMAL CLASSIFICATION NUMBER | |
| Edition number | 22 |
| Classification number | 720.922 |
| Item number | COM |
| 245 04 - TITLE STATEMENT | |
| Title | The complete Zaha Hadid. |
| 264 #1 - PUBLICATION, DISTRIBUTION, ETC. (IMPRINT) | |
| Place of publication, distribution, etc | London : |
| Name of publisher, distributor, etc | Thames & Hudson, |
| Date of publication, distribution, etc | [2009] |
| 264 #4 - PUBLICATION, DISTRIBUTION, ETC. (IMPRINT) | |
| Date of publication, distribution, etc | c2009 |
| 300 ## - PHYSICAL DESCRIPTION | |
| Extent | 256 pages : |
| Other physical details | illustrations (chiefly color) ; |
| Dimensions | 25 cm |
| 500 ## - GENERAL NOTE | |
| General note | "This is revised and expanded edition of Zaha Hadid: The complete buildings and projects, originally published in 1998 by Thames & Hudson Ltd."--T.p. verso. |
| 500 ## - GENERAL NOTE | |
| General note | Includes index.<br/> |
| 600 17 - SUBJECT ADDED ENTRY--PERSONAL NAME | |
| 9 (RLIN) | 11583 |
| Personal name | Hadid, Zaha. |
| Source of heading or term | BUEsh |
| 650 #7 - SUBJECT ADDED ENTRY--TOPICAL TERM | |
| 9 (RLIN) | 11582 |
| Topical term or geographic name as entry element | Women architects |
| Geographic subdivision | Iraq |
| Form subdivision | Biography. |
| Source of heading or term | BUEsh |
| 653 ## - INDEX TERM--UNCONTROLLED | |
| Resource For college | Engineering, Architecture |
| 655 ## - INDEX TERM--GENRE/FORM | |
| Form subdivision | Reading book |
| 942 ## - ADDED ENTRY ELEMENTS (KOHA) | |
| Source of classification or shelving scheme | Dewey Decimal Classification |
| Koha item type | Book - Borrowing |
| Withdrawn status | Lost status | Source of classification or shelving scheme | Damaged status | Not for loan | Collection code | Home library | Current library | Shelving location | Date acquired | Source of acquisition | Cost, normal purchase price | Serial Enumeration / chronology | Total Checkouts | Total Renewals | Full call number | Barcode | Date last seen | Date checked out | Price effective from | Koha item type |
|---|---|---|---|---|---|---|---|---|---|---|---|---|---|---|---|---|---|---|---|---|
| Dewey Decimal Classification | Book store center | Central Library | Central Library | Second Floor | 21/02/2010 | Purchase | 350.00 | 1 | 12 | 91 | 720.92 COM | 000019766 | 15/07/2025 | 26/09/2017 | 21/02/2010 | Book - Borrowing |